[Cordula A. Franzke (Hrsg.): Liegerbücher der Großschäfferei Königsberg (Ordensfolianten 150-152 und Zusatzmaterial)]
| Titel: | [Cordula A. Franzke (Hrsg.): Liegerbücher der Großschäfferei Königsberg (Ordensfolianten 150-152 und Zusatzmaterial)] / Roman Czaja |
|---|---|
| Verfasser: | |
| In: |
Preußenland, Band 14 (2023), Seite 316-318 alle Artikel anzeigen |
| Veröffentlicht: | 2023 |
| Format: | Aufsatz |
| Sprache: | Deutsch |
X
alg: 52129293 001A $03025:09-09-24 001B $01999:09-09-24 $t22:36:56.000 001D $03025:09-09-24 001U $0utf8 001X $00 002@ $0Aou 002C $aText $btxt $2rdacontent 002D $aohne Hilfsmittel zu benutzen $bn $2rdamedia 002E $aBand $bnc $2rdacarrier 003@ $052129293X 007A $052129293X $aHEB 010@ $ager 010E $erda 011@ $a2023 013D $#Newspapers Sections, columns, etc. Reviews $#Book reviewing $#Journaux Cahiers, chroniques, etc. Comptes rendus $#Livres Recension $#Rezension $#Buchbesprechung $#Buchrezension $#Buchkritik $74049712-4 $8Rezension [Ts1] $9085138568 021A $a[Cordula A. Franzke (Hrsg.): Liegerbücher der Großschäfferei Königsberg (Ordensfolianten 150-152 und Zusatzmaterial)] $hRoman Czaja 028A $BVerfasser $4aut $7139514317 $8Czaja, Roman$Z1960- [Tp1] $9217065910 031A $d14 $h316-318 $j2023 039B $aEnthalten in $8--Abvc--. Preußenland. - Osnabrück : Fibre-Verl., 1963-. - ISSN 0032-7972 $x202300000140000684 $9047115017 039T $aRezension von $8--Afu--. Schuldbücher und Rechnungen der Großschäffer und Lieger des Deutschen Ordens in Preußen ; 4. Liegerbücher der Großschäfferei Königsberg (Ordensfolianten 150-152 und Zusatzmaterial). - Berlin : Duncker & Humblot, [2018]. - XVI, 745 Seiten. - ISBN 3-428-15251-4 $9434974730 045F $a330.094383209024 $eDDC23BSB 045F/01 $a330.09 045F/03 $f09023 045F/03 $f09024 045F/03 $g43832 045T $a8,1 lok: 52129293 78 exp: 52129293 78 1 #EPN 201B/01 $009-09-24 $t15:33:49.000 201C/01 $009-09-24 201U/01 $0utf8 203@/01 $01272144771 208@/01 $a09-09-24 $be 209A/01 $a/ $f000 $x00 209A/01 $ab*p $x01 220C/01 $akoe 247C/01 $82080>Marburg/Lahn, Herder-Institut, Forschungsbibliothek, Bibliographieportal $9336309341
| LEADER | 00000caa a2200000 c 4500 | ||
|---|---|---|---|
| 001 | 52129293X | ||
| 003 | DE-603 | ||
| 005 | 20240909223656.0 | ||
| 007 | tu | ||
| 008 | 240909s2023 xx |||| | u00||u|ger c | ||
| 035 | |a (DE-599)HEB52129293X | ||
| 040 | |a DE-603 |b ger |c DE-603 |d DE-603 |e rda | ||
| 041 | |a ger | ||
| 082 | 0 | 4 | |8 1\u |a 330.094383209024 |q DE-101 |2 23/BSB |
| 084 | |a 8,1 |2 ssgn | ||
| 085 | |8 1\u |b 330.09 | ||
| 085 | |8 1\u |z 1 |s 09023 | ||
| 085 | |8 1\u |z 1 |s 09024 | ||
| 085 | |8 1\u |z 2 |s 43832 | ||
| 100 | 1 | |a Czaja, Roman |d 1960- |e Verfasser |4 aut |0 (DE-603)217065910 |0 (DE-588)139514317 |2 gnd | |
| 245 | 0 | 0 | |a [Cordula A. Franzke (Hrsg.): Liegerbücher der Großschäfferei Königsberg (Ordensfolianten 150-152 und Zusatzmaterial)] |c Roman Czaja |
| 264 | 0 | |c 2023 | |
| 336 | |a Text |b txt |2 rdacontent | ||
| 337 | |a ohne Hilfsmittel zu benutzen |b n |2 rdamedia | ||
| 338 | |a Band |b nc |2 rdacarrier | ||
| 655 | 7 | |a Rezension |2 gnd-content |0 (DE-588)4049712-4 |0 (DE-603)085138568 | |
| 773 | 0 | 8 | |i Enthalten in |t Preußenland |d Osnabrück : Fibre-Verl., 1963- |h 24 cm |x 0032-7972 |g Band 14 (2023), Seite 316-318 |w (DE-603)047115017 |w (DE-600)123737-8 |
| 787 | 0 | 8 | |i Rezension von |t Schuldbücher und Rechnungen der Großschäffer und Lieger des Deutschen Ordens in Preußen ; 4. Liegerbücher der Großschäfferei Königsberg (Ordensfolianten 150-152 und Zusatzmaterial) |d Berlin : Duncker & Humblot, [2018] |h XVI, 745 Seiten, 23.3 cm x 15.7 cm, 1124 g |z 3428152514 |z 9783428152513 |w (DE-603)434974730 |
| 924 | 0 | |9 2080 |a (DE-603)1272144771 |b DE-2080 |c HES |d d |g / | |


